Антракс : (Record no. 464871)
[ view plain ]
| 000 -LEADER | |
|---|---|
| fixed length control field | 01386nam a2200253 a 4500 |
| 001 - CONTROL NUMBER | |
| control field | 000379749 |
| 003 - CONTROL NUMBER IDENTIFIER | |
| control field | AM-YeHGA |
| 005 - DATE AND TIME OF LATEST TRANSACTION | |
| control field | 20250617161048.0 |
| 008 - FIXED-LENGTH DATA ELEMENTS--GENERAL INFORMATION | |
| fixed length control field | 041109s1964 ||||||||||||||||||||rus d |
| 040 ## - CATALOGING SOURCE | |
| Original cataloging agency | AM-YeHGA |
| 041 0# - LANGUAGE CODE | |
| Language code of text/sound track or separate title | rus |
| 090 ## - LOCALLY ASSIGNED LC-TYPE CALL NUMBER (OCLC); LOCAL CALL NUMBER (RLIN) | |
| -- | 468068 |
| 245 00 - TITLE STATEMENT | |
| Title | Антракс : |
| Remainder of title | (вопросы иммунологии, клиники и лабораторной диагностики) / |
| Statement of responsibility, etc. | Молдавский НИИ эпидемиологии, микробиологии и гигиены, Научно-метод. центр по антраксу МЗ СССР; Под ред. Э.Н. Шляхова . |
| 260 ## - PUBLICATION, DISTRIBUTION, ETC. | |
| Place of publication, distribution, etc. | Кишинев : |
| Name of publisher, distributor, etc. | Картя Молдовеняскэ, |
| Date of publication, distribution, etc. | 1964. |
| 300 ## - PHYSICAL DESCRIPTION | |
| Extent | 164 с. |
| 650 14 - SUBJECT ADDED ENTRY--TOPICAL TERM | |
| Topical term or geographic name entry element | Сибирская язва |
| 650 14 - SUBJECT ADDED ENTRY--TOPICAL TERM | |
| Topical term or geographic name entry element | Сибирская язва, возбудитель |
| 650 14 - SUBJECT ADDED ENTRY--TOPICAL TERM | |
| Topical term or geographic name entry element | Болезни симптомы или признаки (ВНЕШ) |
| 650 14 - SUBJECT ADDED ENTRY--TOPICAL TERM | |
| Topical term or geographic name entry element | Иммунизация |
| 650 14 - SUBJECT ADDED ENTRY--TOPICAL TERM | |
| Topical term or geographic name entry element | Диагностика лабораторная |
| 700 1# - ADDED ENTRY--PERSONAL NAME | |
| Personal name | Шляхов, Э.Н. |
| Relator term | ред. |
| Relationship | edt |
| 710 2# - ADDED ENTRY--CORPORATE NAME | |
| Corporate name or jurisdiction name as entry element | Молдавский научно-исследовательский институт эпидемиологии, микробиологии и гигиены |
| 710 2# - ADDED ENTRY--CORPORATE NAME | |
| Corporate name or jurisdiction name as entry element | Научно-методический центр по антраксу министерства здравоохранения СССР |
| Withdrawn status | Lost status | Source of classification or shelving scheme | Damaged status | Not for loan | Collection | Home library | Current library | Date acquired | Total checkouts | Full call number | Barcode | Date last seen | Price effective from | Koha item type | Public note |
|---|---|---|---|---|---|---|---|---|---|---|---|---|---|---|---|
| Universal Decimal Classification | General | Fundamental Scientific Library | Fundamental Scientific Library | 12/02/2018 | РIII/15492 | FL0479266 | 12/02/2018 | 12/02/2018 | Գրքեր / Books | 30 Days Loan |
ՀՀ Գիտությունների ազգային ակադեմիայի հիմնարար գիտական գրադարան = Fundamental Scientific Library of NAS RA
All site content, except where otherwise noted, is licensed under a